[Event "POL-chT 51st"]
[Site "Lubniewice"]
[Date "1995.09.??"]
[Round "10"]
[White "Lukasiewicz, Grzegorz"]
[Black "Pisulinski, Jan"]
[Result "0-1"]
[WhiteElo "2345"]
[BlackElo "2390"]
[PlyCount "74"]
[EventDate "1995.09.14"]
[EventType "team-tourn"]
[EventRounds "11"]
[EventCountry "POL"]
[SourceTitle "EXT 2019"]
[Source "ChessBase"]
[SourceDate "2018.10.10"]
[SourceVersion "1"]
[SourceVersionDate "2018.10.10"]
[SourceQuality "1"]
[WhiteTeam "Legnica Miedz"]
[BlackTeam "Gorzow Wielkopolski Stilon"]
[WhiteTeamCountry "POL"]
[BlackTeamCountry "POL"]

1. d4 Nf6 2. Nf3 b6 3. Bg5 Bb7 4. Bxf6 gxf6 5. Nbd2 e6 6. e3 d6 7. c3 Nd7 8. a4 a5 9. Qc2 f5 10. Bb5 Qe7 11. 0-0-0 0-0-0 12. Qd3 Kb8 13. Ba6 Ba8 14. Qe2 Bg7 15. Bd3 Rhg8 16. e4 Bh6 17. Rhg1 e5 18. d5 Nc5 19. Kc2 fxe4 20. Bxe4 Bxd2 21. Nxd2 f5 22. Bxf5 Bxd5 23. b4 axb4 24. cxb4 Qf7 25. g4 Bb3+ 26. Kb1 Nxa4 27. Rc1 Be6 28. Bxe6 Qxe6 29. Qa6 Qd7 30. Rg3 c5 31. b5 Rxg4 32. Ra3 Rb4+ 33. Ka1 Qg4 34. Nb1 Qf4 35. Rc2 Qe4 36. Rc1 Qd4+ 37. Nc3 Qd2 0-1

[Event "POL-chT 51st"]
[Site "Lubniewice"]
[Date "1995.09.??"]
[Round "9"]
[White "Pisulinski, Jan"]
[Black "Wach, Slawomir"]
[Result "1-0"]
[WhiteElo "2390"]
[BlackElo "2265"]
[PlyCount "63"]
[EventDate "1995.09.14"]
[EventType "team-tourn"]
[EventRounds "11"]
[EventCountry "POL"]
[SourceTitle "EXT 2019"]
[Source "ChessBase"]
[SourceDate "2018.10.10"]
[SourceVersion "1"]
[SourceVersionDate "2018.10.10"]
[SourceQuality "1"]
[WhiteTeam "Gorzow Wielkopolski Stilon"]
[BlackTeam "Warszawa Maraton"]
[WhiteTeamCountry "POL"]
[BlackTeamCountry "POL"]

1. d4 Nf6 2. c4 c5 3. d5 e5 4. Nc3 d6 5. e4 Be7 6. Bd3 0-0 7. h3 Na6 8. Nf3 Nc7 9. a3 Bd7 10. b4 b6 11. Be3 Nfe8 12. Rb1 g6 13. g4 Ng7 14. Rg1 Kh8 15. Qd2 Qc8 16. Ke2 Nce8 17. bxc5 bxc5 18. Rb3 Nf6 19. Bg5 Qd8 20. Rgb1 Nxg4 21. hxg4 Bxg4 22. Bh6 f5 23. Bc2 Nh5 24. Rg1 Rf7 25. Nd1 Qd7 26. exf5 gxf5 27. Ke1 Rg8 28. Nh2 f4 29. Rxg4 Rxg4 30. Nxg4 Qxg4 31. Rb8+ Bf8 32. Qd3 1-0

[Event "Polanica Zdroj op"]
[Site "Polanica Zdroj"]
[Date "1995.??.??"]
[Round "8"]
[White "Hnydiuk, Aleksander"]
[Black "Pisulinski, Jan"]
[Result "0-1"]
[WhiteElo "2260"]
[BlackElo "2390"]
[PlyCount "76"]
[EventDate "1995.08.??"]
[EventType "swiss"]
[EventRounds "10"]
[EventCountry "POL"]
[SourceTitle "EXT 1997"]
[Source "ChessBase"]
[SourceDate "1996.11.15"]
[SourceVersion "1"]
[SourceVersionDate "1996.11.15"]
[SourceQuality "1"]

1. e4 c5 2. Nf3 d6 3. d4 cxd4 4. Nxd4 Nf6 5. Nc3 a6 6. g3 e5 7. Nde2 Be7 8. Bg2 0-0 9. h3 Nbd7 10. a4 b6 11. g4 Bb7 12. Ng3 Nc5 13. 0-0 g6 14. Bh6 Re8 15. Qd2 Ne6 16. Nd5 Rc8 17. c3 Nxd5 18. exd5 Nc5 19. Rae1 Nxa4 20. f4 b5 21. f5 Nc5 22. f6 Bxf6 23. b4 Nd7 24. Qf2 Qe7 25. g5 Bh8 26. Be4 Rc4 27. Re3 Bg7 28. Bxg7 Kxg7 29. h4 f5 30. gxf6+ Nxf6 31. Rf3 Rf8 32. h5 Nxe4 33. h6+ Kxh6 34. Qh2+ Kg7 35. Rxf8 Bxd5 36. R8f3 Qa7+ 37. R1f2 Nxf2 38. Nh5+ gxh5 0-1

[Event "Polanica Zdroj op"]
[Site "Polanica Zdroj"]
[Date "1995.??.??"]
[Round "4"]
[White "Rajlich, Iweta"]
[Black "Pisulinski, Jan"]
[Result "0-1"]
[WhiteElo "2180"]
[BlackElo "2390"]
[PlyCount "62"]
[EventDate "1995.08.??"]
[EventType "swiss"]
[EventRounds "10"]
[EventCountry "POL"]
[SourceTitle "EXT 1997"]
[Source "ChessBase"]
[SourceDate "1996.11.15"]
[SourceVersion "1"]
[SourceVersionDate "1996.11.15"]
[SourceQuality "1"]

1. d4 Nf6 2. c4 c5 3. d5 b5 4. cxb5 a6 5. f3 axb5 6. e4 Qa5+ 7. Bd2 b4 8. Na3 d6 9. Nc4 Qd8 10. a3 e6 11. dxe6 Bxe6 12. Bf4 d5 13. Ne5 c4 14. exd5 Nxd5 15. Bxc4 Nxf4 16. Qxd8+ Kxd8 17. Bxe6 fxe6 18. g3 Nd5 19. Nf7+ Ke8 20. Nxh8 g6 21. Rc1 Nd7 22. Rc6 Ke7 23. h4 Ne5 24. Rc2 Bg7 25. Nxg6+ hxg6 26. h5 b3 27. Rd2 Rc8 28. h6 Bh8 29. Kd1 Nc4 30. Rxd5 exd5 31. Ne2 Nxb2+ 0-1

[Event "POL-chT 50th"]
[Site "Lubniewice"]
[Date "1994.??.??"]
[Round "1"]
[White "Janocha, Wieslaw Adam"]
[Black "Pisulinski, Jan"]
[Result "1-0"]
[WhiteElo "2405"]
[BlackElo "2400"]
[PlyCount "93"]
[EventDate "1994.09.22"]
[EventType "team-tourn"]
[EventRounds "11"]
[EventCountry "POL"]
[SourceTitle "EXT 2019"]
[Source "ChessBase"]
[SourceDate "2018.10.10"]
[SourceVersion "1"]
[SourceVersionDate "2018.10.10"]
[SourceQuality "1"]
[WhiteTeam "Legnica Miedz"]
[BlackTeam "Gorzow Wielkopolski Stilon"]
[WhiteTeamCountry "POL"]
[BlackTeamCountry "POL"]

1. d4 Nf6 2. c4 c5 3. Nf3 cxd4 4. Nxd4 b6 5. Nc3 Bb7 6. Bg5 a6 7. Rc1 e6 8. f3 Be7 9. e4 d6 10. Qd2 0-0 11. Be2 Nbd7 12. 0-0 Rc8 13. Rfd1 Re8 14. Bf1 Qc7 15. Kh1 Qb8 16. Nc2 h6 17. Be3 Nc5 18. Bf4 e5 19. Be3 a5 20. Nd5 Nxd5 21. cxd5 Ba6 22. Na3 Bxf1 23. Rxf1 Qb7 24. Rc2 Qa6 25. Rfc1 b5 26. b3 Rb8 27. Qe2 Bg5 28. Bxg5 hxg5 29. Nb1 f6 30. Nd2 Qa7 31. Nf1 b4 32. Nd2 a4 33. Qe3 axb3 34. axb3 Qa3 35. Rb1 Rec8 36. Nc4 Qa6 37. h3 Rc7 38. Rcc1 Ra8 39. Kh2 Rac8 40. Ra1 Qb5 41. Nxd6 Qd3 42. Qg1 Nxb3 43. Nxc8 Nxc1 44. Rxc1 Rxc1 45. Qxc1 b3 46. Ne7+ Kf8 47. Nf5 1-0

[Event "EU-Cup 10th Group6"]
[Site "Lubniewice"]
[Date "1994.??.??"]
[Round "3"]
[White "Kulaots, Kaido"]
[Black "Pisulinski, Jan"]
[Result "1-0"]
[WhiteElo "2415"]
[BlackElo "2400"]
[PlyCount "85"]
[EventDate "1994.??.??"]
[EventType "team-k.o."]
[EventRounds "3"]
[EventCountry "POL"]
[SourceTitle "EXT 2020"]
[Source "ChessBase"]
[SourceDate "2019.10.17"]
[SourceVersion "1"]
[SourceVersionDate "2019.10.17"]
[SourceQuality "1"]
[WhiteTeam "Paide MK"]
[BlackTeam "Gorzow Wielkopolski Stilon"]
[WhiteTeamCountry "EST"]
[BlackTeamCountry "POL"]

1. e4 c6 2. d4 d5 3. Nd2 dxe4 4. Nxe4 Nf6 5. Nxf6+ gxf6 6. Nf3 Bg4 7. Be2 e6 8. h3 Bf5 9. 0-0 Rg8 10. Kh1 Bd6 11. c4 Qc7 12. d5 c5 13. Bd3 Bg6 14. Re1 e5 15. Nh4 Nd7 16. Nf5 0-0-0 17. Be4 Kb8 18. Qf3 Nb6 19. b3 Nc8 20. g4 Ne7 21. Bd2 h5 22. gxh5 Bxf5 23. Bxf5 Nxf5 24. Qxf5 Qc8 25. Qxc8+ Kxc8 26. h6 Rh8 27. Re4 Rdg8 28. Rg1 f5 29. Rxg8+ Rxg8 30. Rh4 f4 31. h7 Rh8 32. Kg2 Kd7 33. Kf3 f5 34. Rh5 a6 35. Bc3 b5 36. Rh6 bxc4 37. bxc4 Bc7 38. h4 Bd6 39. h5 Bc7 40. a4 Bd6 41. Ke2 Bc7 42. Rxa6 Rxh7 43. Ra7 1-0

[Event "POL-chT 50th"]
[Site "Lubniewice"]
[Date "1994.??.??"]
[Round "2"]
[White "Pisulinski, Jan"]
[Black "Zyla, Janusz"]
[Result "1-0"]
[WhiteElo "2400"]
[BlackElo "2285"]
[PlyCount "81"]
[EventDate "1994.09.22"]
[EventType "team-tourn"]
[EventRounds "11"]
[EventCountry "POL"]
[SourceTitle "EXT 2019"]
[Source "ChessBase"]
[SourceDate "2018.10.10"]
[SourceVersion "1"]
[SourceVersionDate "2018.10.10"]
[SourceQuality "1"]
[WhiteTeam "Gorzow Wielkopolski Stilon"]
[BlackTeam "Glogow MOK Chrobry"]
[WhiteTeamCountry "POL"]
[BlackTeamCountry "POL"]

1. d4 g6 2. e4 Bg7 3. Nc3 c6 4. Bc4 d6 5. Qf3 a6 6. Nge2 b5 7. Bd3 b4 8. Nd1 Bb7 9. 0-0 Nd7 10. Qg3 e5 11. Bg5 Qc7 12. Ne3 exd4 13. Nc4 Ne5 14. Nxe5 dxe5 15. Nxd4 Nf6 16. Qh4 Nh5 17. Nf5 0-0 18. Nxg7 Kxg7 19. Be2 f6 20. Bxh5 gxh5 21. Bd2 c5 22. Qxh5 Kh8 23. f3 Rg8 24. Be3 Rg6 25. Rad1 Rag8 26. g4 c4 27. h3 c3 28. bxc3 Qxc3 29. Ba7 Qxc2 30. Rd7 R8g7 31. Rd8+ Rg8 32. Rfd1 Bxe4 33. fxe4 Qxe4 34. Rxg8+ Rxg8 35. Qh4 Qc6 36. Rf1 Rg6 37. Qf2 h5 38. Qf5 Kg7 39. Be3 hxg4 40. h4 Qd5 41. h5 1-0

[Event "POL-chT 50th"]
[Site "Lubniewice"]
[Date "1994.??.??"]
[Round "5"]
[White "Zolnierowicz, Krzysztof"]
[Black "Pisulinski, Jan"]
[Result "0-1"]
[WhiteElo "2360"]
[BlackElo "2400"]
[PlyCount "84"]
[EventDate "1994.09.22"]
[EventType "team-tourn"]
[EventRounds "11"]
[EventCountry "POL"]
[SourceTitle "EXT 2019"]
[Source "ChessBase"]
[SourceDate "2018.10.10"]
[SourceVersion "1"]
[SourceVersionDate "2018.10.10"]
[SourceQuality "1"]
[WhiteTeam "Swietochlowice Slask"]
[BlackTeam "Gorzow Wielkopolski Stilon"]
[WhiteTeamCountry "POL"]
[BlackTeamCountry "POL"]

1. Nf3 c5 2. e4 d6 3. c3 Nf6 4. Bd3 g6 5. Bc2 Bg7 6. d4 0-0 7. dxc5 dxc5 8. Qxd8 Rxd8 9. Be3 b6 10. a4 Bb7 11. Nbd2 Nc6 12. Nc4 Ng4 13. Bf4 Ba6 14. Bb3 Nf6 15. Nfd2 Nh5 16. Be3 Ne5 17. Nxe5 Bxe5 18. g3 Nf6 19. f4 Rd3 20. Bg1 Rad8 21. Rd1 Bc7 22. Bc2 R3d7 23. Be3 Ng4 24. Bg1 e5 25. h3 Nf6 26. Bh2 Bd3 27. Bxd3 Rxd3 28. Ke2 exf4 29. gxf4 Rxh3 30. Nf3 Rxd1 31. Rxd1 Ng4 32. Bg1 Bxf4 33. Rd8+ Kg7 34. Ra8 Rg3 35. Rxa7 Rg2+ 36. Kd3 Nf2+ 37. Kc4 Nxe4 38. a5 bxa5 39. Bxc5 Nxc5 40. Kxc5 Be3+ 41. Nd4 Rxb2 42. Rxa5 h5 0-1

[Event "Lublin-B"]
[Site "Lublin"]
[Date "1993.??.??"]
[Round "10"]
[White "Bjerring, Kai"]
[Black "Pisulinski, Jan"]
[Result "0-1"]
[WhiteElo "2350"]
[BlackElo "2375"]
[PlyCount "62"]
[EventDate "1993.??.??"]
[EventType "tourn"]
[EventRounds "11"]
[EventCountry "POL"]
[SourceTitle "EXT 1998"]
[Source "ChessBase"]
[SourceDate "1997.11.17"]
[SourceVersion "1"]
[SourceVersionDate "1997.11.17"]
[SourceQuality "1"]

1. e4 c5 2. Nf3 d6 3. d4 cxd4 4. Nxd4 Nf6 5. Nc3 a6 6. Bg5 e6 7. Qf3 Nbd7 8. 0-0-0 Qc7 9. Qh3 Be7 10. f4 b5 11. a3 Rb8 12. Bxf6 Nxf6 13. g4 b4 14. axb4 Rxb4 15. g5 Nd7 16. g6 Nf6 17. gxf7+ Kxf7 18. f5 e5 19. Ne6 Qb6 20. Bd3 d5 21. Rhg1 Bf8 22. exd5 Rxb2 23. Nxf8 Rxf8 24. Qg3 Rb4 25. Rde1 Rg4 26. Qxg4 Nxg4 27. Rxg4 Kg8 28. Rxe5 Qc7 29. d6 Qxc3 30. Re7 Bxf5 31. Bxf5 Qa3+ 0-1

[Event "Lublin-B"]
[Site "Lublin"]
[Date "1993.??.??"]
[Round "4"]
[White "Bogdanovich, Grigory Grigorievic"]
[Black "Pisulinski, Jan"]
[Result "1/2-1/2"]
[WhiteElo "2425"]
[BlackElo "2375"]
[PlyCount "37"]
[EventDate "1993.??.??"]
[EventType "tourn"]
[EventRounds "11"]
[EventCountry "POL"]
[SourceTitle "EXT 1998"]
[Source "ChessBase"]
[SourceDate "1997.11.17"]
[SourceVersion "1"]
[SourceVersionDate "1997.11.17"]
[SourceQuality "1"]

1. d4 Nf6 2. c4 c5 3. dxc5 e6 4. g3 Bxc5 5. Bg2 Qb6 6. Nh3 Nc6 7. 0-0 0-0 8. Nf4 Qa6 9. Nd2 Rd8 10. Nd3 Be7 11. b3 d5 12. Bb2 dxc4 13. Nxc4 b5 14. Nce5 Bb7 15. Rc1 Nb4 16. Nxb4 Bxb4 17. Bxb7 Qxb7 18. Nd3 Ne4 19. Rc2 1/2-1/2